Prosa vanguardista en la generación del 27 : (Record no. 79641)

MARC details
000 -LEADER
campo de control de longitud fija 00935nam a2200265 i 4500
001 - NÚMERO DE CONTROL
campo de control 79641
003 - IDENTIFICADOR DE NÚMERO DE CONTROL
campo de control ES-MaACL
005 - FECHA Y HORA DE LA ÚLTIMA TRANSACCIÓN
campo de control 20230906174024.0
007 - CAMPO FIJO DE DESCRIPCIÓN FÍSICA--INFORMACIÓN GENERAL
campo de control de longitud fija t|
008 - DATOS DE LONGITUD FIJA--INFORMACIÓN GENERAL
campo de control de longitud fija 041022s1975 sp ||||1| spa d
020 ## - NÚMERO INTERNACIONAL ESTÁNDAR DEL LIBRO
Número Internacional Estándar del Libro 84-287-0355-8
100 1# - ENTRADA PRINCIPAL--NOMBRE DE PERSONA
Nombre de persona Hernando, Miguel Angel.
9 (RLIN) 63092
245 10 - MENCIÓN DEL TÍTULO
Título Prosa vanguardista en la generación del 27 :
Resto del título (Gecé y La Gaceta literaria) /
Mención de responsabilidad, etc. Miguel Ángel Hernando.
260 ## - PUBLICACIÓN, DISTRIBUCIÓN, ETC.
Lugar de publicación, distribución, etc. [Madrid] :
Nombre del editor, distribuidor, etc. Prensa Española,
Fecha de publicación, distribución, etc. 1975.
300 ## - DESCRIPCIÓN FÍSICA
Extensión 378 p. ;
Dimensiones 18 cm.
490 1# - MENCIÓN DE SERIE
Mención de serie El soto ;
Designación de volumen o secuencia 25
594 ## - Nota al título y mención de responsabilidad
Nota al título y mención de responsabilidad Gecé es seud. de Ernesto Giménez Caballero.
600 14 - PUNTO DE ACCESO ADICIONAL DE MATERIA--NOMBRE DE PERSONA
Nombre de persona Giménez Caballero, Ernesto,
Fechas asociadas al nombre 1899-1988
9 (RLIN) 57038
630 34 - PUNTO DE ACCESO ADICIONAL DE MATERIA--TÍTULO UNIFORME
Título uniforme La Gaceta literaria (Madrid. 1927)
9 (RLIN) 143755
650 ## - PUNTO DE ACCESO ADICIONAL DE MATERIA--TÉRMINO DE MATERIA
Término de materia o nombre geográfico como elemento de entrada Generación del 27 (Literatura)
9 (RLIN) 13050
650 #4 - PUNTO DE ACCESO ADICIONAL DE MATERIA--TÉRMINO DE MATERIA
Término de materia o nombre geográfico como elemento de entrada Literatura española-
Subdivisión cronológica S.XX-
Subdivisión general Historia y crítica.
9 (RLIN) 141686
830 1# - PUNTO DE ACCESO ADICIONAL DE SERIE-TÍTULO UNIFORME
Título uniforme El soto ;
Designación de volumen o secuencia 25
9 (RLIN) 187190
852 ## - LOCALIZACIÓN
Ubicación ES-MaACL
Número de control de estantería E-8515
Holdings
Estatus retirado Estado de pérdida Estado de daño No para préstamo Biblioteca de origen Biblioteca actual Ubicación en estantería Fecha de adquisición Fuente de adquisición Total de préstamos Signatura topográfica completa Código de barras Visto por última vez Precio de reemplazo Tipo de ítem Koha
        Biblioteca del Ateneo de Madrid Biblioteca del Ateneo de Madrid Depósito 2 17/01/2008     E-8515 1083277 23/02/2023 23/02/2023 Libro impreso